00670cam a22002411 4500001001300000003000400013005001700017008004100034010001700075025001900092035002000111040002100131042001200152050001800164100003200182245006100214260001100275300001900286500001400305500004300319650004900362999001700411sa 68008094 DLC20260227112528.0950117s1967 ii 000 0 tamo  asa 68008094  aPL480:I-T-2069 a(OCoLC)31829437 aDLCcCUdCUdDLC apremarc00aPL4758.4b.S51 aCivattampi, Kārttikēcu.10aTamil̲il cir̲ukataiyin̲ tōr̲r̲amum vaḷarcciyum. c[1967] a160 p.c18 cm. aIn Tamil. aPreviously published in Tin̲akaran̲. 0aShort stories, TamilxHistory and criticism. c82237d82237